Aktuálne vývojové trendy v oblasti poskytovania všeobecne dostupného mobilného internetu na Slovensku
Mobilný internet poskytovaný slovenskými mobilnými operátormi (Orange, Telekom, O2) z hľadiska použiteľnosti najlacnejších riešení jednotlivých operátorov na účely používania internetu v mobilnom telefóne ako aj na účely náhradného pripojenia počítača alebo iného zariadenia do internetu. Porovnanie...
Saved in:
| Main Author: | |
|---|---|
| Format: | Book Chapter |
| Language: | Slovak |
| Subjects: | |
| Tags: |
No Tags, Be the first to tag this record!
|
MARC
| LEADER | 00000nla a2200000 4500 | ||
|---|---|---|---|
| 001 | 0199415 | ||
| 005 | 20240502073357.3 | ||
| 041 | 0 | |a slo | |
| 044 | |a SK | ||
| 245 | 1 | 0 | |a Aktuálne vývojové trendy v oblasti poskytovania všeobecne dostupného mobilného internetu na Slovensku |c Attila Pólya |
| 520 | |a Mobilný internet poskytovaný slovenskými mobilnými operátormi (Orange, Telekom, O2) z hľadiska použiteľnosti najlacnejších riešení jednotlivých operátorov na účely používania internetu v mobilnom telefóne ako aj na účely náhradného pripojenia počítača alebo iného zariadenia do internetu. Porovnanie služieb mobilného internetu z viacerých hľadísk. | ||
| 610 | 2 | 0 | |a internet |
| 610 | 2 | 0 | |a telekomunikácie |
| 610 | 2 | 0 | |a telefón mobilný |
| 610 | 2 | 0 | |a služby |
| 610 | 2 | 0 | |a ceny |
| 100 | 1 | |a Pólya, Attila | |